Statistics for Every City in Washington County, New York

Click here to take the quiz!

General Stats

  • This quiz has been taken 3 times
  • The average score is 14 of 27

Answers on the Map

Answers color-coded by a green-red scale on the quiz's map according to % correct below.
Loading ...
 

Answer Stats

City% Correct
Greenwich
100%
Easton
67%
Fort Ann
67%
Fort Edward
67%
Salem
67%
Cambridge
67%
Hudson Falls
67%
Argyle
33%
Kingsbury
33%
White Creek
33%
Putnam
33%
North Granville
33%
Hartford
33%
Jackson
33%
Hebron
33%
Hampton
33%
Granville
33%
Dresden
33%
Whitehall
33%

Score Distribution

Percentile by Number Answered

Percent of People with Each Score

Your Score History

You have not taken this quiz